Bài tập mĩ thuật 6
Sách bao gồm các câu hỏi về các tác phẩm và các hoạ sĩ nổi tiếng, các chủ đề vẽ theo mẫu, vẽ tự do và trang trí các mẫu có sẵn
Saved in:
| Main Author: | |
|---|---|
| Format: | Book |
| Language: | Undetermined |
| Published: |
Hà Nội
Giáo dục Việt Nam
2015
|
| Subjects: | |
| Tags: |
Add Tag
No Tags, Be the first to tag this record!
|
| Institutions: | Trung tâm Học liệu Trường Đại học Cần Thơ |
|---|
| LEADER | 00837nam a2200217Ia 4500 | ||
|---|---|---|---|
| 001 | CTU_216030 | ||
| 008 | 210402s9999 xx 000 0 und d | ||
| 020 | |c 6400 | ||
| 082 | |a 707.12 | ||
| 082 | |b T462 | ||
| 100 | |a Phạm, Ngọc Tới | ||
| 245 | 0 | |a Bài tập mĩ thuật 6 | |
| 245 | 0 | |c Phạm Ngọc Tới (Chủ biên) | |
| 260 | |a Hà Nội | ||
| 260 | |b Giáo dục Việt Nam | ||
| 260 | |c 2015 | ||
| 520 | |a Sách bao gồm các câu hỏi về các tác phẩm và các hoạ sĩ nổi tiếng, các chủ đề vẽ theo mẫu, vẽ tự do và trang trí các mẫu có sẵn | ||
| 650 | |a Arts,Mĩ thuật | ||
| 650 | |x Study and teaching (Secondary),Dạy và học (Trung học) | ||
| 904 | |i Hải | ||
| 980 | |a Trung tâm Học liệu Trường Đại học Cần Thơ | ||